Serenata /
Gespeichert in:
| 1. Verfasser: | |
|---|---|
| Format: | Buch |
| Sprache: | Italienisch |
| Veröffentlicht: |
[Milano] :
A. Mondadori,
1958
|
| Ausgabe: | [Ed. integrale] |
| Schriftenreihe: | I libri del pavone ;
165 |
| Tags: |
Keine Tags, Fügen Sie das erste Tag hinzu!
|
MARC
| LEADER | 00000nam a22000007i 4500 | ||
|---|---|---|---|
| 001 | IT\ICCU\RAV\0672933 | ||
| 003 | ItRI | ||
| 005 | 20260115232312.0 | ||
| 008 | 000614s1958 it |||||| ||||| |||||c | ||
| 015 | |2 IT |a 584829 | ||
| 040 | |b ita |c importazione bologna sebina | ||
| 041 | 7 | |a ita |2 ISO-639-2 | |
| 082 | |a 813 |9 Narrativa americana in inglese |2 14 | ||
| 100 | 1 | |a Cain, James M. |0 IT\ICCU\CFIV\064979 |4 aut | |
| 240 | 1 | 0 | |a Serenade |3 IT\ICCU\RAV\0058290 |9 Cain, James M. |
| 245 | 1 | 0 | |a Serenata / |c James M. Cain. |
| 250 | |a [Ed. integrale] | ||
| 260 | |a [Milano] : |b A. Mondadori, |c 1958 | ||
| 300 | |a 239 p. ; |c 19 cm | ||
| 500 | |a Trad. di Ida Omboni. | ||
| 790 | 1 | |a Cain, James |3 IT\ICCU\CFIV\169092 |z Cain, James M. | |
| 790 | 1 | |a Cain, James Mallahan |3 IT\ICCU\CFIV\169093 |z Cain, James M. | |
| 830 | 2 | |a I libri del pavone ; |v 165 |0 IT\ICCU\RMS\2659691 | |
| 942 | |2 ddc |c BK |n 0 | ||
| 952 | |0 0 |1 0 |4 0 |6 DOC_813_520000000000000_CAI |7 0 |9 23823 |a BO |b BO |d 2026-01-15 |i 3470 |l 0 |o DOC 813.52 CAI |p BO3470 |r 2026-01-15 23:23:12 |w 2026-01-15 |x [Sebina 5] [1 v.] |y BK |z 1 v. | ||
| 999 | |c 20293 |d 20293 | ||